=LDR 00000nam 2200000 4500 =001 INLIS000000000007978 =005 20130612095910 =008 ***********************************Ind** =035 ##$$0010-061300000007978 =041 ##$$a Ind =082 ##$$a 001.532 =090 ##$$a 001.532, Shi b =100 ##$$a Shiva, Vandana =245 ##$$a Bioteknologi dan lingkungan dalam perspektif hubungan uatar selatan, Vandana Shiva ; alih bahasa, Wahyuni Rizkiana Kamah =260 ##$$a 1994 $b Jakarta =300 ##$$a xii, 59 hlm, 21 cm =650 ##$$a Bioteknologi =700 ##$$a Kamah, Wahyuni Rizkiana =850 ##$$a NBPNMAT